البلاغة الميسرة في المعاني والبيان البديع / (رقم التسجيلة. 51924)

تفاصيل مارك
000 -الفاتح
عناصر البيانات ثابتة الطول 00801cam a2200205 i 4500
005 - تاريخ ووقت آخر معاملة
حقل ضبط 20260223101649.0
008 - عناصر البيانات ثابتة الطول
عناصر البيانات ثابتة الطول 250721s9999 jo gr 000 0 ara d
082 14 - رقم تصنيف ديوي العشري
رقم التصنيف 414
رقم المادة ع ل ي
100 1# - مدخل رئيسي – اسم شخصي
الاسم الشخصي العلي، فيصل حسين طحيمر
علاقة الشخص بالعمل/ دوره مؤلف.
245 12 - بيان العنوان
العنوان البلاغة الميسرة في المعاني والبيان البديع /
بيان المسؤولية المؤلف فيصل حسين طحمير العلي.
250 ## - بيان الطبعة
بيان الطبعة الطبعة الأولى.
264 31 - بيانات النشر، التوزيع…إلخ
مكان النشر، التوزيع...إلخ عمان :
اسم الناشر، الموزع...إلخ مكتبة دار الثقافة و النشر،
تاريخ النشر، التوزيع...إلخ 1995.
300 ## - الوصف المادي
عدد الوحدات المكونة للوعاء 269ص
490 0# - بيان السلسلة
عنوان السلسلة سلسلة اللغة العربية ؛
رقم الوعاء في السلسلة رقم 2.
650 17 - مدخل إضافي بالموضوع - مصطلح موضوعي
مصطلح موضوعي أو اسم جغرافي كعنصر مدخل اللغة العربية.
650 17 - مدخل إضافي بالموضوع - مصطلح موضوعي
مصطلح موضوعي أو اسم جغرافي كعنصر مدخل البلاغة.
830 #0 - مدخل إضافي بالسلسلة-عنوان مقنن
عنوان السلسسلة سلسلة اللغة العربية.
942 ## - بيانات إضافية (كوها)
نوع التنصيف Dewey Decimal Classification
نوع المادة (كوها) كتب
المقتنيات
حالة السحب حالة الفقدان مصدر التصنيف حالة التلف غير قابل للإعارة المكتبة الرئيسية المكتبة الحالية موقع الرف تاريخ التزويد الرقم المتسلسل Total Checkouts رقم الإستدعاء الباركود تاريخ آخر ظهور تاريخ الفاتورة نوع المادة (كوها)
    Dewey Decimal Classification     المكتبة المركزية المكتبة المركزية الإعارة 06/07/2004 268773   414/ ع ل ي 268773 28/07/2025 06/07/2004 كتب
Implemented & Customized by: BBB with SCIT (Smart Chains for Information Technology)

Powered by Koha